000 01041nam a2200313 a 4500
999 _c47316
_d47316
001 3298536
005 20190719151055.0
008 830531s1983 deu b 000 0 eng
010 _a 83081476
020 _a0894533592
020 _a0894533304 (pbk.)
040 _aDLC
_cDLC
_dDLC
100 1 _aSwift, Louis J.
245 1 4 _aThe early Fathers on war and military service /
_cby Louis J. Swift.
260 _aWilmington, Del. :
_bM. Glazier,
_cc1983.
300 _a164 p. ;
_c23 cm.
336 _2text
337 _2unmediated
338 _2volume
440 0 _aMessage of the fathers of the church ;
_vv. 19
504 _aBibliography: p. 161-164.
650 0 _aWar
_xReligious aspects
_xChristianity
_xEarly works to 1800.
650 0 _aChristian literature, Early.
650 0 _aFathers of the church
_xCollected works.
650 0 _aWar
_xReligiious aspects.
650 0 _aChristianity and war
_xHistory of doctrines
_yEarly church, ca. 30-600.
906 _a7
_bcbc
_corignew
_d2
_eopcn
_f19
_gy-gencatlg
942 _2lcc
_cBK